R v Dudley Magistrates` Court ex parte Hollis; Hollis v Dudley MBC; Probert v Dudley MBC (Record no. 54366)

MARC details
000 -LEADER
fixed length control field 01379cab a2200277 4500
001 - CONTROL NUMBER
control field ABS58792
008 - FIXED-LENGTH DATA ELEMENTS--GENERAL INFORMATION
fixed length control field 090401t1998 xxu||||| |||| 00| 0 eng d
035 ## - SYSTEM CONTROL NUMBER
System control number (Sirsi) u86380
041 ## - LANGUAGE CODE
Language code of text/sound track or separate title eng
245 ## - TITLE STATEMENT
Title R v Dudley Magistrates` Court ex parte Hollis; Hollis v Dudley MBC; Probert v Dudley MBC
260 ## - PUBLICATION, DISTRIBUTION, ETC.
Date of publication, distribution, etc. 1998
350 ## - PRICE (NR) (BK AM CF MU VM SE) [OBSOLETE]
Price 0
490 ## - SERIES STATEMENT
Series statement Estates Gazette
Volume/sequential designation [1998] 18 EG 133-138(6)
520 ## - SUMMARY, ETC.
Summary, etc. QBD 25 November 1997. H and P served notice on D of intention to bring proceedings against them if necessary remedial works were not carried out within 21 days to rectify a statutory nuisance. D promptly replied to say that the works would take longer than 21 days. Shortly after the expiry of this period, H and P commenced proceedings. Their costs were disallowed on the grounds that they had failed to give D proper opportunity to complete the works, and had acted unreasonably in their action. H and P`s appeal was allowed, and judicial review on adjournment of the case granted.
650 ## - SUBJECT ADDED ENTRY--TOPICAL TERM
Topical term or geographic name entry element COURT PROCEEDINGS
650 ## - SUBJECT ADDED ENTRY--TOPICAL TERM
Topical term or geographic name entry element ENVIRONMENT PROTECTION ACT 1990 S82
650 ## - SUBJECT ADDED ENTRY--TOPICAL TERM
Topical term or geographic name entry element HOLLIS V DUDLEY MBC
650 ## - SUBJECT ADDED ENTRY--TOPICAL TERM
Topical term or geographic name entry element JUDICIAL REVIEW
650 ## - SUBJECT ADDED ENTRY--TOPICAL TERM
Topical term or geographic name entry element PROBERT V DUDLEY MBC
650 ## - SUBJECT ADDED ENTRY--TOPICAL TERM
Topical term or geographic name entry element R V DUDLEY MAGISTRATES COURT
650 ## - SUBJECT ADDED ENTRY--TOPICAL TERM
Topical term or geographic name entry element REMEDIAL WORKS
650 ## - SUBJECT ADDED ENTRY--TOPICAL TERM
Topical term or geographic name entry element STATUTORY NUISANCE
690 ## - LOCAL SUBJECT ADDED ENTRY--TOPICAL TERM (OCLC, RLIN)
Topical term or geographic name as entry element PROPERTY LAW AND PRACTICE-CASE LAW
942 ## - ADDED ENTRY ELEMENTS (KOHA)
Suppress in OPAC 0
948 ## - LOCAL PROCESSING INFORMATION (OCLC); SERIES PART DESIGNATOR (RLIN)
c (OCLC) 26/05/1998
Holdings
Withdrawn status Lost status Source of classification or shelving scheme Damaged status Not for loan Home library Current library Shelving location Date acquired Total Checkouts Full call number Barcode Date last seen Copy number Price effective from Koha item type
    Dewey Decimal Classification     London London Journal article 14/09/1999   ABS58792 86380-1001 06/08/2019 1 06/08/2019 Law report